Sports Quiz

Random Sports or World Quiz
Score 0/176 Timer 10:00
4 Plays Today
Hint Answer % Correct
2015Phil Taylor
99.6%
1994Phil Taylor
99.5%
1995Phil Taylor
99.5%
1996Phil Taylor
99.5%
1997Phil Taylor
99.5%
1998Phil Taylor
99.5%
1999Phil Taylor
99.5%
2000Phil Taylor
99.5%
2001Phil Taylor
99.5%
2002Phil Taylor
99.5%
2003Phil Taylor
99.5%
2004Phil Taylor
99.5%
2005Phil Taylor
99.5%
2006Phil Taylor
99.5%
2007Phil Taylor
99.5%
2008Phil Taylor
99.5%
2009Phil Taylor
99.5%
2010Phil Taylor
99.5%
2011Phil Taylor
99.5%
2013Phil Taylor
99.5%
2015Gary Anderson
97.7%
2015Raymond van Barneveld
97.7%
2011Gary Anderson
97.7%
2012Gary Anderson
97.7%
2007Raymond van Barneveld
97.5%
2009Raymond van Barneveld
97.5%
2010Raymond van Barneveld
97.5%
2011Raymond van Barneveld
97.5%
2013Raymond van Barneveld
97.5%
2015Michael Van Gerwen
97.2%
2013Michael van Gerwen
97.2%
2014Michael van Gerwen
97.2%
2006Adrian Lewis
96.6%
2008Adrian Lewis
96.6%
2010Adrian Lewis
96.6%
2011Adrian Lewis
96.6%
2012Adrian Lewis
96.6%
2013Adrian Lewis
96.6%
2014Adrian Lewis
96.6%
1994Bob Anderson
95.5%
1995Bob Anderson
95.5%
1999Bob Anderson
95.5%
2004Bob Anderson
95.5%
2005Bob Anderson
95.5%
2001John Part
93.9%
2002John Part
93.9%
2003John Part
93.9%
2008John Part
93.9%
2012John Part
93.9%
2008James Wade
91.8%
2009James Wade
91.8%
2010James Wade
91.8%
2012James Wade
91.8%
2013James Wade
91.8%
2014James Wade
91.8%
1994Dennis Priestley
91.5%
1996Dennis Priestley
91.5%
1997Dennis Priestley
91.5%
1998Dennis Priestley
91.5%
Hint Answer % Correct
2000Dennis Priestley
91.5%
2002Dennis Priestley
91.5%
2015Peter Wright
91.1%
2014Peter Wright
91%
2010Simon Whitlock
89.9%
2012Simon Whitlock
89.9%
2013Simon Whitlock
89.9%
2014Simon Whitlock
89.9%
2004Wayne Mardle
86.4%
2005Wayne Mardle
86.4%
2006Wayne Mardle
86.4%
2008Wayne Mardle
86.4%
1998Peter Manley
84.5%
1999Peter Manley
84.5%
2000Peter Manley
84.5%
2002Peter Manley
84.5%
2004Peter Manley
84.5%
2006Peter Manley
84.5%
2008Peter Manley
84.5%
2005Andy Hamilton
82%
2007Andy Hamilton
82%
2012Andy Hamilton
82%
2013Andy Hamilton
82%
2003Kevin Painter
80.3%
2004Kevin Painter
80.3%
2005Kevin Painter
80.3%
2006Kevin Painter
80.3%
2008Kevin Painter
80.3%
1997Eric Bristow
80%
1995Dennis Smith
78.3%
1999Dennis Smith
78.3%
2000Dennis Smith
78.3%
2003Dennis Smith
78.3%
2009Jelle Klaasen
76.3%
2007Mark Webster
75.9%
2010Mark Webster
75.9%
2011Mark Webster
75.9%
2014Mark Webster
75.9%
1994Rod Harrington
74.3%
1995Rod Harrington
74.3%
1997Rod Harrington
74.3%
1998Rod Harrington
74.3%
2001Rod Harrington
74.3%
2007Terry Jenkins
74%
2011Terry Jenkins
74%
2012Terry Jenkins
74%
1995John Lowe
72.6%
1996John Lowe
72.6%
2000John Lowe
72.6%
2007Andy Jenkins
72.4%
2008Kirk Shepherd
71.9%
2009Mervyn King
70.1%
2002Colin Lloyd
68.8%
2005Colin Lloyd
68.8%
2004Mark Dudbridge
68.5%
2005Mark Dudbridge
68.5%
2015Vincent van der Voort
66.1%
2011Vincent van der Voort
66.1%
2015Robert Thornton
65.9%
Hint Answer % Correct
2001Roland Scholten
63.4%
2003Roland Scholten
63.4%
2002Ronnie Baxter
62.1%
2010Ronnie Baxter
62.1%
2012Kim Huybrechts
61.7%
2015Stephen Bunting
60.2%
1994Alan Warriner
58%
1996Alan Warriner
58%
1997Alan Warriner
58%
1999Alan Warriner
58%
2000Alan Warriner
58%
2001Alan Warriner
58%
2003Alan Warriner
58%
2004Alan Warriner
58%
2006Alan Warriner
58%
2011Wes Newton
57.6%
2013Wes Newton
57.6%
2014Wes Newton
57.6%
2009Co Stompe
56.3%
2010Co Stompe
56.3%
2009Paul Nicholson
51%
2006Wayne Jones
49.3%
2002Richie Burnett
48.7%
2003Richie Burnett
48.7%
2014Ian White
46.7%
1996Keith Deller
46.6%
1997Keith Deller
46.6%
1998Keith Deller
46.6%
2001Keith Deller
46.6%
2003Chris Mason
43.5%
1994Peter Evison
40.7%
1995Peter Evison
40.7%
1996Peter Evison
40.7%
1997Peter Evison
40.7%
1998Peter Evison
40.7%
2000Peter Evison
40.7%
2005Denis Ovens
38.5%
1999Cliff Lazarenko
33.9%
1996Larry Butler
32.2%
1995Jamie Harvey
30.1%
1996Jamie Harvey
30.1%
1997Jamie Harvey
30.1%
2001Jamie Harvey
30.1%
2007Colin Osborne
29.5%
1994Steve Brown
29.3%
2009Barrie Bates
28.9%
1998Shayne Burgess
28.2%
1999Shayne Burgess
28.2%
2000Shayne Burgess
28.2%
2007Alan Tabern
25.3%
1995Kevin Spiolek
21.5%
2001Dave Askew
20.3%
2002Dave Askew
20.3%
1994Tom Kirby
12.4%
2006Gary Welding
11.1%
1998Harry Robinson
9.4%
2004Simon Whatley
8.5%
1999John Ferrell
8.2%
Remove Ads.
Support Sporcle.
Get the best of Sporcle when you Go Orange. This ad-free experience offers more features, more stats, and more fun while also helping to support Sporcle. Thank you for becoming a member.

You're not logged in!

Compare scores with friends on all Sporcle quizzes.
OR
Log In

Show Comments

Extras

Top Quizzes Today


Score Distribution

Your Account Isn't Verified!

In order to create a playlist on Sporcle, you need to verify the email address you used during registration. Go to your Sporcle Settings to finish the process.

Report this User

Report this user for behavior that violates our Community Guidelines.

Details: